000 00208 a2200097 4500
001 42093
100 _aSichle, N D
245 _aModern Airmanshi
260 _a
_bD Van Nostrand Co.
_c
090 _c26099
_d26099
942 _aNUST-CAE
_cM
_c17890
999 _c277166
_d277166